Quiz sur le Kamtchatka - Statistiques

Statistiques générales
  • Ce quiz a été pris 22 fois
  • Le résultat moyen est 5 sur 15
Statistiques - réponses
Indice Réponse % Correct
Pays auquel appartient le Kamtchatka Russie
100%
Au cours de la Seconde Guerre mondiale, la région a été le théâtre de batailles importantes entre les forces de ces deux pays URSS
100%
Couleur la plus présente sur le drapeau de cette région Blanc
74%
Japon
68%
Formation géographique qui qualifie le Kamtchatka Péninsule
63%
Activité en plein essor dans la région, avec des activités telles que la randonnée, le camping, le rafting et la pêche attirant de plus en plus de visiteurs chaque année. Tourisme
37%
Nombre de volcans actifs au Kamtchatka 29
26%
Mer située à l'est de Kamtchatka, connue pour d'importants phénomènes d'upwelling ou remontée d'eaux froides des profondeurs Mer d'Okhotsk
21%
Sujets fédéral de Russie correspondant à ce territoire Kraï du Kamtchatka
16%
Sport très pratiqué, lié aux conditions naturelles de la région Pêche sportive
11%
Le Kamtchatka abrite également la plus grande population de cet animal en Russie, avec environ 15 000 individus Ours brun
5%
Peuple vivant à l'extrême Est de la Russie qui se nomment dans leur langue "Lygoravetlat" qui veut dire "vrai peuple" Tchouktches
5%
Organisation qui a déclaré le Kamtchatka comme patrimoine mondial en 1996 en raison de sa biodiversité unique et de ses écosystèmes uniques UNSECO
5%
Cours d'eau le plus long du territoire Bolshaya
0%
Réserve naturelle la plus grande des 7 présentes au Kamtchatka Réserve naturelle de Kronotsky
0%
Aucun quiz correspondant
Distribution des résultats
% des personnes avec chaque résultat
Percentile par nombre de réponses
Votre historique - résultats
Vous n’avez pas pris ce quiz